01159agaaa2200253 45000010005000000030009000050050017000140070009000310080040000400400023000800410013001031000046001161300024001622450136001862500022003222600110003443000022004545200213004765380016006895460013007056500067007187000062007857000058008477359IT-RoPAU20220918181259.0d cvaizq50131s9999||||xx ||| | || ||und|| aIT-RoPAUcIT-RoPAU aITALIANO aFeldman GenegCodice regista SPICS: 17206 aINGRID (INTERVISTA) aINGRID (INTERVISTA)cProdotto da: Feldman Gene Diretto da: Feldman GenepINGRID (INTERVISTA) (Rif. Codice opera principale : 37359) aEdizione Standard aENGLAND (STATI UNITI)bTANGRAM FILM / Distribuzione: RAIg"1985 (1° ed.: 1985 ; Ed. Lingua Orig.: 1985)" aVHSbsonoro, col. aIN UNA LUNGA INTERVISTA REGISTRATA POCO PRIMA DELLA MORTE INGRID BERGMAN PARLA DELLA SUA VITA DELLA CARRIERA DEI FILM DI CUI RIVEDREMO BRANI ALTERNATI AI RICORDI DI ATTORI E REGISTI CHE HANNO LAVORATO CON LEI aPAL, STEREO aITALIANO aINTERVISTAeSTUDI SUL CINEMA [VHS]xCodice MATERIA SPICS: 9959 aBergman Ingrid e(soggetto)gCodice Soggetto SPICS: 17207 aFeldman Gene e(regista)gCodice regista SPICS: 17206